Books of the Bible A-Z - Statistics

General Stats
  • This quiz has been taken 43 times
  • The average score is 15 of 18
Answer Stats
Letter # Books % Correct
D 2 Daniel | Deuteronomy
98%
G 2 Galatians | Genesis
98%
J 11 James | John | 1 John | 2 John | 3 John | Job | Jeremiah | Joel | Jude | Jonah | Judges | Joshua
98%
L 3 Lamentations | Luke | Leviticus
95%
M 4 Malachi | Matthew | Mark | Micah
93%
P 6 Psalms | Proverbs | Philemon | Philippians | 1 Peter | 2 Peter
93%
E 6 Ecclesiastes | Ephesians | Esther | Exodus | Ezekiel | Ezra
90%
R 3 Romans | Revelation | Ruth
88%
N 3 Nahum | Numbers | Nehemiah
85%
A 2 Acts | Amos
83%
H 4 Hebrews | Habakkuk | Haggai | Hosea
76%
I 1 Isaiah
76%
Z 2 Zechariah | Zephaniah
76%
C 5 Colossians | 1 Corinthians | 2 Corinthians | 1 Chronicles | 2 Chronicles
71%
O 1 Obadiah
68%
T 5 Titus | 1 Thessalonians | 2 Thessalonians | 1 Timothy | 2 Timothy
66%
K 2 1 Kings | 2 Kings
63%
S 3 Songs of Songs | 1 Samuel | 2 Samuel
63%
No matching quizzes found
Score Distribution
Percent of People with Each Score
Percentile by Number Answered
Your Score History
You have not taken this quiz